00695nam a22002057a 450000500170000000800410001702000150005804000270007304100080010004400070010810000230011524500500013826000350018830000430022365000590026665000240032565000550034965000660040470000190047020171011020002.0170926s2006 ck ||||| |||| 00| 0 spa d a9588294010 aCO-BoIAVH cCO-BoIAVH  aspa ack aRodríguez, Lucho10aAnimales en extinción Colombia: bOrinoquia aBogotá:bEdiciones B,c2006. a28 páginasbilustracionesc23 x 19cm14aEcosistemas vulnerableszOrinoquia (Región Colombia)14aLiteratura infantil14aEspecies amenazadaszOrinoquia (Región Colombia)14aVida silvestrevConservaciónzOrinoquia (Región Colombia) aBaena, Valeria